00426nam a22001815i 45000010009000000050017000090080041000260100017000670200031000840400023001150410008001380420008001460800013001541000007001671010008001742450053001822630009002351999966620180221032845.0170914s2017 nyu 000 0 eng  a 2017954931 a9783319601489 (alk. paper) aDLCbengerdacDLC aeng apcc a330 GAR a52 aECO00aMacroeconomic theory /c[edited by] Volker Bohm. a1710